<?xml version="1.0" encoding="UTF-8"?><marc:collection xmlns:marc="http://www.loc.gov/MARC21/slim">
  <marc:record>
    <marc:leader>00000cam  2200000zi 4500</marc:leader>
    <marc:controlfield tag="001">9.960879</marc:controlfield>
    <marc:controlfield tag="003">CaOODSP</marc:controlfield>
    <marc:controlfield tag="005">20260401144318</marc:controlfield>
    <marc:controlfield tag="006">m     o  d f      </marc:controlfield>
    <marc:controlfield tag="007">cr mn|||||||||</marc:controlfield>
    <marc:controlfield tag="008">260312t20262026quca    ob   f000 0 eng d</marc:controlfield>
    <marc:datafield tag="020" ind1=" " ind2=" ">
      <marc:subfield code="a">9780660989556</marc:subfield>
    </marc:datafield>
    <marc:datafield tag="040" ind1=" " ind2=" ">
      <marc:subfield code="a">CaOODSP</marc:subfield>
      <marc:subfield code="b">eng</marc:subfield>
      <marc:subfield code="e">rda</marc:subfield>
      <marc:subfield code="c">CaOODSP</marc:subfield>
    </marc:datafield>
    <marc:datafield tag="043" ind1=" " ind2=" ">
      <marc:subfield code="a">n-cn---</marc:subfield>
    </marc:datafield>
    <marc:datafield tag="045" ind1=" " ind2=" ">
      <marc:subfield code="a">y1y2</marc:subfield>
    </marc:datafield>
    <marc:datafield tag="086" ind1="1" ind2=" ">
      <marc:subfield code="a">En14-503/2-2026E-PDF</marc:subfield>
    </marc:datafield>
    <marc:datafield tag="245" ind1="0" ind2="0">
      <marc:subfield code="a">Greenhouse gas emissions performance for 2021 to 2023 (Phase 2) heavy-duty vehicles and engines in relation to the Heavy-Duty Vehicle and Engine Greenhouse Gas Emission Regulations under the Canadian Environmental Protection Act, 1999.</marc:subfield>
    </marc:datafield>
    <marc:datafield tag="264" ind1=" " ind2="1">
      <marc:subfield code="a">Gatineau Quebec : </marc:subfield>
      <marc:subfield code="b">Environment and Climate Change Canada = Environnement et changement climatique Canada, </marc:subfield>
      <marc:subfield code="c">[2026]</marc:subfield>
    </marc:datafield>
    <marc:datafield tag="264" ind1=" " ind2="4">
      <marc:subfield code="c">©2026</marc:subfield>
    </marc:datafield>
    <marc:datafield tag="300" ind1=" " ind2=" ">
      <marc:subfield code="a">1 online resource (iii, 15, 3 pages) : </marc:subfield>
      <marc:subfield code="b">illustrations</marc:subfield>
    </marc:datafield>
    <marc:datafield tag="336" ind1=" " ind2=" ">
      <marc:subfield code="a">text</marc:subfield>
      <marc:subfield code="b">txt</marc:subfield>
      <marc:subfield code="2">rdacontent</marc:subfield>
    </marc:datafield>
    <marc:datafield tag="337" ind1=" " ind2=" ">
      <marc:subfield code="a">computer</marc:subfield>
      <marc:subfield code="b">c</marc:subfield>
      <marc:subfield code="2">rdamedia</marc:subfield>
    </marc:datafield>
    <marc:datafield tag="338" ind1=" " ind2=" ">
      <marc:subfield code="a">online resource</marc:subfield>
      <marc:subfield code="b">cr</marc:subfield>
      <marc:subfield code="2">rdacarrier</marc:subfield>
    </marc:datafield>
    <marc:datafield tag="500" ind1=" " ind2=" ">
      <marc:subfield code="a">Issued also in French under title: Rendement en matière d'émissions de gaz à effet de serre pour le parc de véhicules lourds et de leurs moteurs des années 2021 à 2023 (phase 2) relativement au Règlement sur les émissions de gaz à effet de serre des véhicules lourds et de leurs moteurs en vertu de la Loi canadienne sur la protection de l'environnement (1999).</marc:subfield>
    </marc:datafield>
    <marc:datafield tag="500" ind1=" " ind2=" ">
      <marc:subfield code="a">"EC25076"--Page [i].</marc:subfield>
    </marc:datafield>
    <marc:datafield tag="504" ind1=" " ind2=" ">
      <marc:subfield code="a">Includes bibliographical references.</marc:subfield>
    </marc:datafield>
    <marc:datafield tag="520" ind1=" " ind2=" ">
      <marc:subfield code="a">"The Heavy-duty Vehicle and Engine Greenhouse Gas Emission Regulations (Regulations) under the Canadian Environmental Protection Act, 19992 established greenhouse gas emission standards for new 2014 and later model years of heavy-duty on-road vehicles and engines offered for sale in Canada. These Regulations require importers and manufacturers of new heavy-duty vehicles and engines to meet increasingly stringent greenhouse gas emission standards and submit annual compliance reports. These Regulations were amended in 2018 to introduce more stringent greenhouse gas emission standards beginning with the 2021 model year (Phase 2) for on-road heavy-duty vehicles and engines. This report summarizes the fleet average greenhouse gas emission performance of the 2021 - 2023 (Phase 2) model year heavy-duty vehicles and engines using compliance data submitted to Environment and Climate Change Canada through end-of-model-year reports pursuant to the Regulations. Each manufacturer's fleet is unique, therefore, the data presented in this report provides aggregated values for three separate categories for each model year: class 2B and 3 (non-vocational), Tractors and Vocational Vehicles, and Heavy-Duty Engines. The data depicts the fleet average CO₂ performance value, the fleet average standard as well as the fleet average credit summary. This is the third such report. …"--Executive summary, page 1.</marc:subfield>
    </marc:datafield>
    <marc:datafield tag="650" ind1=" " ind2="0">
      <marc:subfield code="a">Trucks</marc:subfield>
      <marc:subfield code="x">Motors</marc:subfield>
      <marc:subfield code="x">Exhaust gas</marc:subfield>
      <marc:subfield code="z">Canada.</marc:subfield>
    </marc:datafield>
    <marc:datafield tag="650" ind1=" " ind2="0">
      <marc:subfield code="a">Atmospheric carbon dioxide</marc:subfield>
      <marc:subfield code="z">Canada.</marc:subfield>
    </marc:datafield>
    <marc:datafield tag="650" ind1=" " ind2="0">
      <marc:subfield code="a">Greenhouse gases</marc:subfield>
      <marc:subfield code="z">Canada.</marc:subfield>
    </marc:datafield>
    <marc:datafield tag="710" ind1="1" ind2=" ">
      <marc:subfield code="a">Canada. </marc:subfield>
      <marc:subfield code="b">Environment and Climate Change Canada, </marc:subfield>
      <marc:subfield code="e">issuing body.</marc:subfield>
    </marc:datafield>
    <marc:datafield tag="775" ind1="0" ind2="8">
      <marc:subfield code="t">Rendement en matière d'émissions de gaz à effet de serre pour le parc de véhicules lourds et de leurs moteurs des années 2021 à 2023 (phase 2) relativement au Règlement sur les émissions de gaz à effet de serre des véhicules lourds et de leurs moteurs en vertu de la Loi canadienne sur la protection de l'environnement (1999).</marc:subfield>
      <marc:subfield code="w">(CaOODSP)9.960881</marc:subfield>
    </marc:datafield>
    <marc:datafield tag="795" ind1=" " ind2=" ">
      <marc:subfield code="t">Greenhouse gas emissions performance for 2014 to 2020 (Phase 1), heavy-duty vehicles and engines, in relation to the Heavy-Duty Vehicle and Engine Greenhouse Gas Emission Regulations under the Canadian Environmental Protection Act, 1999.</marc:subfield>
      <marc:subfield code="w">(CaOODSP)9.945228</marc:subfield>
    </marc:datafield>
    <marc:datafield tag="856" ind1="4" ind2="0">
      <marc:subfield code="q">PDF</marc:subfield>
      <marc:subfield code="s">633 KB</marc:subfield>
      <marc:subfield code="u">https://publications.gc.ca/collections/collection_2026/eccc/En14-503-2-2026-eng.pdf</marc:subfield>
    </marc:datafield>
    <marc:datafield tag="856" ind1="4" ind2=" ">
      <marc:subfield code="q">HTML</marc:subfield>
      <marc:subfield code="s">N/A</marc:subfield>
      <marc:subfield code="u">https://www.canada.ca/en/environment-climate-change/services/canadian-environmental-protection-act-registry/publications/greenhouse-gas-emissions-performance-2021-2023.html</marc:subfield>
    </marc:datafield>
    <marc:datafield tag="986" ind1=" " ind2=" ">
      <marc:subfield code="a">EC25076</marc:subfield>
    </marc:datafield>
  </marc:record>
</marc:collection>
